000 00873cam a2200229 4500
008 090401t1995 xxu||||| |||| 00| 0 eng d
020 _a085142337X
035 _a(Sirsi) u71017
041 0 _aeng
050 0 4 _a025.8 $2 18
100 1 _aAshman, John
245 0 0 _aDisaster planning for library and information services
260 _aLondon
_bASLIB
_c1995
300 _a51p.
_c24cm.
350 _a10
490 0 _aAslib Know How Guide
505 2 _aIntroduction -- Disaster prevention -- Disaster preparedness -- Salvaging water-damaged library materials -- Conservation -- Annotated further reading
520 _aAdvises on how to prevent and prepare for loss of information resources from flooding, and how to salvage materials in the event of a flood.
690 _aMANAGEMENT-BUSINESS MANAGEMENT-INFORMATION MANAGEMENT
942 _n0
948 _c04/03/1997
999 _c95369
_d95369